Top 10 Most Populous U.S. Cities Starting With H - Statistics

General Stats
  • This quiz has been taken 56 times
  • The average score is 7 of 10
Answer Stats
State Answer Population % Correct
Hawaii Honolulu 348 k
100%
Texas Houston 2.3 M
98%
Connecticut Hartford 120 k
81%
Alabama Huntsville 228 k
75%
Nevada Henderson 349 k
73%
Florida Hialeah 218 k
65%
Florida Hollywood 153 k
52%
California Huntington Beach 190 k
50%
Virginia Hampton 138 k
44%
California Hayward 153 k
27%
No matching quizzes found
Score Distribution
Percent of People with Each Score
Percentile by Number Answered
Your Score History
You have not taken this quiz